Anticoagulants, antiagrégants plaquettaires et (anti)fibrinolytiques - Statistiques

Statistiques générales
  • Ce quiz a été pris 17 fois
    12 depuis la dernière actualisation
  • Le résultat moyen est 12 sur 65
Statistiques - réponses
Indices Réponses % Correct
DCI 14 Apixaban
83%
Spécialité 4 Lovenox
83%
DCI 17 Clopidogrel
67%
Spécialité 11 Coumadine
67%
Spécialité 3 Arixtra
50%
Spécialité 24 Aspirine
50%
DCI 15 Dabigatran
50%
Spécialité 14 Eliquis
50%
Spécialité 5 Innohep
50%
DCI 13 Rivaroxaban
50%
DCI 11 Warfarine
50%
DCI 12 Acénocoumarol
33%
Spécialité 1 Calciparine
33%
DCI 4 Enoxaparine
33%
DCI 10 Fluindione
33%
DCI 2 Héparine sodique
33%
Spécialité 17 Plavix
33%
DCI 18 Prasugrel
33%
Spécialité 10 Préviscan
33%
DCI 21 Abciximab
17%
DCI 20 Cangrélor
17%
DCI 6 Daltéparine
17%
DCI 8 Danaparoïde
17%
DCI 23 Eptifibatide
17%
DCI 3 Fondaparinux
17%
Spécialité 6 Fragmine
17%
DCI 1 Héparine calcique
17%
Spécialité 12 Sintrom
17%
DCI 19 Ticagrélor
17%
DCI 16 Ticlopidine
17%
DCI 5 Tinzaparine
17%
DCI 22 Tirofiban
17%
DCI 26 Urokinase
17%
Spécialité 13 Xarelto
17%
DCI 24 Acide acétylsalicylique
0%
DCI 30 Acide tranexamique
0%
Spécialité 27 Actilyse
0%
Spécialité 26 Actolsolv
0%
Spécialité 22 Agrastat
0%
DCI 27 Alteplase
0%
Spécialité 9 Arganova
0%
DCI 9 Argatroban
0%
Spécialité 19 Brilique
0%
Spécialité 18 Efient
0%
Spécialité 30 Exacyl
0%
Spécialité 7 Fraxiparine
0%
Spécialité 30 Haima
0%
DCI 32 Idarucizumab
0%
Spécialité 23 Integrilin
0%
Spécialité 20 Kengrexal
0%
Spécialité 29 Metalyse
0%
DCI 7 Nadroparine
0%
Spécialité 8 Orgaran
0%
Spécialité 15 Pradaxa
0%
Spécialité 32 Praxbind
0%
Spécialité 31 Protamine
0%
Spécialité 28 Rapilysin
0%
Spécialité 21 Réopro
0%
DCI 28 Reteplase
0%
Spécialité 30 Spotof
0%
Spécialité 25 Streptase
0%
DCI 25 Streptokinase
0%
DCI 31 Sulfate de protamine
0%
DCI 29 Tenecteplase
0%
Spécialité 16 Ticlid
0%
Aucun quiz correspondant
Distribution des résultats
% des personnes avec chaque résultat
Percentile par nombre de réponses
Votre historique - résultats
Vous n’avez pas pris ce quiz depuis la dernière actualisation